Tissue culture. : Proceedings of the seminar held in Baroda under the auspices of the University Grants Commission and the Maharaja Sayajirao University of Baroda, India, January 21-28, 1965 /

Bibliographic Details
Corporate Authors: Tissue Culture Conference Baroda, India. University Grants Commission, Maharaja Sayajirao University of Baroda
Other Authors: Ramakrishnan, C. V.
Format: Conference Proceeding Book
Language:English
Published: The Hague : Dr. W. Junk, 1965 [1966]
Subjects:

MARC

Tag First Indicator Second Indicator Subfields
LEADER 00000cam a2200000 4500
001 in00000044918
005 20180507162126.0
008 730208s1966 ne b 00000 eng u
010 |a  67073933  
035 |a (OCoLC)00555896 
035 |9 AAE1350AM 
040 |c WSU  |d TXA  |d UtOrBLW 
049 |a TXAM  |c [474327] 
050 0 |a QH585  |b .T55 1965 
092 |a 574.8  |b T616t, 1965 
111 2 |a Tissue Culture Conference  |d (1965 :  |c Baroda) 
245 1 0 |a Tissue culture. :  |b Proceedings of the seminar held in Baroda under the auspices of the University Grants Commission and the Maharaja Sayajirao University of Baroda, India, January 21-28, 1965 /  |c Edited by C. V. Ramakrishnan. 
264 1 |a The Hague :  |b Dr. W. Junk,  |c 1965 [1966] 
300 |a xvi, 432 pages with illustrations ;  |c 24 cm. 
336 |a text  |b txt  |2 rdacontent 
337 |a unmediated  |b n  |2 rdamedia 
338 |a volume  |b nc  |2 rdacarrier 
504 |a Includes bibliographies. 
650 0 |a Tissue culture. 
700 1 |a Ramakrishnan, C. V. 
710 1 |a India.  |b University Grants Commission. 
710 2 |a Maharaja Sayajirao University of Baroda. 
999 |a MARS 
999 f f |s c9c274c0-f071-3199-bb29-427a71f8e118  |i 34e55f96-48a4-3a71-a900-fba877e74671  |t 0 
952 f f |p ric  |a Texas A&M University  |b Rellis Campus  |c Joint Library Facility  |d Remote Storage  |t 0  |e QH585 .T55 1965  |h Library of Congress classification  |i unmediated -- volume  |m A14800974612 
998 f f |a QH585 .T55 1965  |t 0  |l Remote Storage